000 00450nam a2200181Ia 4500
001 19807
005 20260306172720.0
008 260306t2015||||xx |||||||||||||| ||spa||
041 _aESP
082 _a341.1
_bP45
100 _aPérez Curci, Juan Ignacio
_eAUT
245 0 _aEl derecho fundamental de acceso a la justicia
260 _c2015
300 _a370 páginas :
_c21 cm.
650 _aGEN
654 _aCDE
942 _cLIB
_dJUS
_fJUS
_2ddc
_n
999 _c19807
_d19807